| 000 | 01006nam0a22002531 4500 | ||
|---|---|---|---|
| 001 | rc\3968981 | ||
| 005 | 20130415121230.6 | ||
| 035 | _a(NLR Aleph) 007930820 | ||
| 090 |
_a8217402 _c8217402 |
||
| 100 | _a20130415d1956 |||y0rusy50 ca | ||
| 101 | 0 | _arus | |
| 102 | _aRU | ||
| 105 | _ay z ||||| | ||
| 200 | 1 |
_aПолезные советы садоводам-любителям _fСост. Ф.Ф. Молостов, преп. курса плодоводства ДОСОМ-а, действ. чл. Моск. о-ва испытателей природы - "МОИП" _gДобровольное о-во содействия озеленению г. Москвы "ДОСОМ" |
|
| 210 |
_aМосква _cБ. и. _d1956 |
||
| 215 |
_a[1], 96 л. _d29 |
||
| 300 | _aЛитогр. | ||
| 300 | _aТекст на одной стороне листа | ||
| 700 | 1 |
_aМолостов _bФ. Ф. _4220 |
|
| 801 | 0 |
_aRU _bNLR _gpsbo |
|
| 801 | 1 |
_aRU _bELAR _2rusmarc |
|
| 852 |
_aNLR _j57-8/483 |
||
| 942 | _cBOOK | ||
| 980 | _aNB | ||